| 000 | 01191cad a22002295a 4500 | ||
|---|---|---|---|
| 001 | L155900 | ||
| 008 | 120420s2012 xxkdo f 000 0 eng d | ||
| 035 | _a(Sirsi) u155900 | ||
| 041 | 0 | _aeng | |
| 110 | 2 |
_aSavills Research _95211 |
|
| 245 | 0 | 0 |
_aPrime London residential markets _bApril 2012 _h[electronic resource] |
| 260 |
_aLondon _bSavills _c2012 |
||
| 490 | 0 |
_aSavills Research Residential Market in Minutes Prime London Residential Markets _vApril 2012 |
|
| 520 | _aAfter a six month lull in house price growth, London prime residential markets increased by 2.8% in 1 Qr 2012. On average prices currently exceed their September 2007 peak in all of the prime London markets. Longer term growth prospects for prime central London are still strong as growth is forecast to resume later in 2013, driven by strong global city fundamentals and an improving domestic economy. | ||
| 521 | _aAdvanced | ||
| 590 | _aKA | ||
| 650 | 2 | 4 | _aSAVILLS MARKET IN MINUTES |
| 651 | 4 |
_aUnited Kingdom _y |
|
| 690 |
_aResidential property _96266 |
||
| 856 | 4 | 0 |
_uhttps://www.savills.co.uk/research/residential-research.aspx _zView the report after free registration at www.savills.co.uk |
| 942 | _n0 | ||
| 999 |
_c113907 _d113907 |
||